| 000 | 01089cam a22003011 4500 | ||
|---|---|---|---|
| 999 |
_c1482 _d1482 |
||
| 001 | 10183847 | ||
| 005 | 20170614110804.0 | ||
| 008 | 780807s1938 xx 000 0 eng | ||
| 010 | _a 39002962 | ||
| 035 | _a(OCoLC)4116961 | ||
| 040 |
_aDLC _cOAk _dOCoLC _dDLC |
||
| 041 | 1 | _aengger | |
| 042 | _apremarc | ||
| 050 | 0 | 0 |
_aDT546.1 _b.S42 1938 |
| 082 | _a916.721 | ||
| 100 | 1 |
_aSchweitzer, Albert, _d1875-1965. _932605 |
|
| 245 | 1 | 0 |
_aFrom my African notebook, _cby Albert Schweitzer; translated by Mrs. C. E. B. Russell. |
| 260 |
_aLondon, _bG. Allen & Unwin ltd. _c[1938] |
||
| 300 |
_a132 p. incl. front., illus. (map) plates. _c19 cm. |
||
| 500 | _a"First published ... in 1938." | ||
| 500 | _a"The German original, published simultaneously, is entitled 'Afrikanische geschichten'." | ||
| 651 | 0 |
_aGabon _xSocial life and customs. _932606 |
|
| 700 | 1 |
_aRussell, Lillian M. Rigby _cMrs., _d1875- _etr. _932607 |
|
| 906 |
_a7 _bcbc _coclcrpl _du _encip _f19 _gy-gencatlg |
||
| 942 |
_2lcc _cMONOGRAPH |
||